| 000 | 00535nam a2200193Ia 4500 | ||
|---|---|---|---|
| 005 | 20250326142244.0 | ||
| 008 | 250326s9999 xx 000 0 und d | ||
| 020 | _a81-219-2094-9 | ||
| 037 | _aTextbook | ||
| 040 |
_aFMSL _beng _cFMSL |
||
| 041 |
_aeng _2eng |
||
| 084 |
_aX:891 P1 _qFMSL |
||
| 100 | _aBhalla V K | ||
| 245 | 0 |
_aFicial derivatives: Risk management _cBhalla V K |
|
| 260 |
_aNew Delhi _bNew Delhi, S. Chand & Company _c2001 |
||
| 300 | _axi,499 | ||
| 942 |
_cTB _hX:891 P1 |
||
| 999 |
_c1294158 _d1294158 |
||